| 000 | 00526nam a22001697a 4500 | ||
|---|---|---|---|
| 005 | 20251108165248.0 | ||
| 008 | 250721s1988 xx 000 0 ara d | ||
| 082 | 1 | 4 | _a629.287/محم |
| 100 | 1 | _aالمهدي، محمد عادل | |
| 245 | 1 | 0 | _aالمرشد الفني للسيارات / |
| 264 | 1 |
_aالقاهرة : _bمكتبة إبن سينا للنشر و التوزيع و التصدير، _c1988. |
|
| 300 | _a208ص | ||
| 650 | 1 | 7 | _aالسيارات |
| 650 | 1 | 7 | _aالصيانة |
| 942 |
_2ddc _cBK |
||
| 999 |
_c23522 _d23522 |
||